| 000 | 01307nam1a2200337 4500 | ||
|---|---|---|---|
| 001 | RU\NLR\BIBL_A\011721667 | ||
| 005 | 20241102054652.0 | ||
| 035 | _a(NLR Aleph) 011721667 | ||
| 090 |
_a11486832 _c11486832 |
||
| 100 | _a20180601g20189999k y0rusy50 ca | ||
| 101 | 0 | _arus | |
| 102 | _aRU | ||
| 105 | _a| z ||||| | ||
| 200 | 1 |
_aПроблемы кодификации корпоративного и вещного права _eизбранные труды... _fЕ. А. Суханов |
|
| 210 |
_aМосква _cСтатут _cLegal Intelligence Group Law Firm _d2018 |
||
| 215 | _d22 | ||
| 606 | 1 |
_aАкционерные общества _jСборники _xПравовое положение _9933751 _3RU\NLR\AUTH\6625719 |
|
| 606 |
_aВещное право _jСборники _91237887 _3RU\NLR\AUTH\66187917 |
||
| 686 |
_aХ623.1я44 _2rubbk |
||
| 686 |
_aХ623.012я44 _2rubbk |
||
| 686 | 1 | _aХ623.012я44 | |
| 686 | 1 | _aХ830.141.4я44 | |
| 686 | 1 | _aХ623.1я44 | |
| 686 | 1 | _aХ831я44 | |
| 700 | 1 |
_7ca _8rus _aСуханов _bЕ. А. _f1948- _gЕвгений Алексеевич _9112297 _3RU\NLR\AUTH\772281 |
|
| 852 |
_aNLR _j2018-5/3689 |
||
| 942 | _cBOOK | ||
| 980 | _aNBR | ||